Talleres de capacitación y fortalecimiento de las Juntas Administradoras de Agua (JAA) - Juntas de Acción Comunal (JAC) y acueductos comuntarios cuenca Cane Iguaque (Boyacá) (Registro nro. 6109)
[ vista simple ]
| 000 -CABECERA | |
|---|---|
| Campo de control | 02238nam a2200325 a 4500 |
| 005 - FECHA Y HORA DE LA ULTIMA TRANSACCION | |
| Campo de control | 20180803165337.0 |
| 008 - ELEMENTOS DE LONGITUD FIJA—INFORMACION GENERAL | |
| Campo de control | 140127b2006 ck ||||| |||| 00| 0 spa d |
| 040 ## - FUENTE DE CATALOGACIÓN | |
| Agencia transcriptora | CO-BoIH |
| 041 ## - IDIOMA | |
| Código de idioma para texto/pista de sonido o título separado | Español |
| 044 ## - PAÍS DE PUBLICACIÓN | |
| País de publicación | Colombia |
| 090 ## - CLASIFICACIÓN LOCAL | |
| Colección | IAVH |
| Consecutivo | 00602 |
| 100 ## - ASIENTO PRINCIPAL--NOMBRE PERSONAL | |
| Nombre personal | Cárdenas Torres, Gina Yormary |
| 245 ## - MENCION DE TITULO | |
| Título | Talleres de capacitación y fortalecimiento de las Juntas Administradoras de Agua (JAA) - Juntas de Acción Comunal (JAC) y acueductos comuntarios cuenca Cane Iguaque (Boyacá) |
| 260 ## - PUBLICACION, DISTRIBUCION, ETC. (PIE DE IMPRENTA) | |
| Lugar de publicación, distribución, etc. | Bogotá |
| Nombre del editor, distribuidor, etc. | Instituto Alexander von Humboldt |
| Fecha de publicación, distribución, etc. | 2006 |
| 300 ## - DESCRIPCION FISICA | |
| Extensión | 10 p. |
| 520 ## - NOTA DE RESUMEN, ETC. | |
| Nota de resumen | Se plantean las herramientas utilizadas en la capacitación y fortalecimiento de las organizaciones encargadas del manejo y administración del suministro de agua en los municipios de la cuenca Cane-Iguane (Juntas Administradoras de Agua, acueductos comunitarios y Juntas de Acción Comunal) con el fin de lograr una eficiente administración y uso racional del recurso hídrico, encaminado a la protección y conservaciónde los ecosistemas estratégico en los municipios de Villa de Leyva, Chíquiza, Arcabuco, Gachantivá y Sutamerchan.Se abordaron los siguientes temas: Legislación y reglamentación para la administración y uso del agua, mecanismos de organización y de derechos ciudadanos, composición y funciones de las organizaciones comunitarias comunitarias en torno al manejo del agua, funciones y responsabilidades municipales frente a la comunidad con respecto a lo hídrico, administración y uso de los recursos financieros, monitoreo y mantenimiento de los sistemas de abastecimiento, y manejo eficiente del agua y cuidado de los ecosistemas de los cuales depende el recurso. |
| 650 ## - ASIENTO SECUNDARIO DE MATERIA - TERMINO TEMATICO | |
| Término temático o nombre geográfico como elemento de entrada | Cuencas hidrográficas |
| 650 ## - ASIENTO SECUNDARIO DE MATERIA - TERMINO TEMATICO | |
| Término temático o nombre geográfico como elemento de entrada | Manejo y conservación de Recursos Hídricos |
| 650 ## - ASIENTO SECUNDARIO DE MATERIA - TERMINO TEMATICO | |
| Término temático o nombre geográfico como elemento de entrada | Capacitación |
| 650 ## - ASIENTO SECUNDARIO DE MATERIA - TERMINO TEMATICO | |
| Término temático o nombre geográfico como elemento de entrada | Legislación ambiental |
| 662 ## - ASIENTO SECUNDARIO DE MATERIA - JERARQUIA DEL NOMBRE DE LUGAR( | |
| País o entidad mayor | Colombia |
| Jurisdicción política intermedia | Andes |
| 662 ## - ASIENTO SECUNDARIO DE MATERIA - JERARQUIA DEL NOMBRE DE LUGAR( | |
| País o entidad mayor | Colombia |
| Jurisdicción política intermedia | Cuenca Cane-Iguaque |
| Jurisdicción política de primer orden | Boyacá |
| 662 ## - ASIENTO SECUNDARIO DE MATERIA - JERARQUIA DEL NOMBRE DE LUGAR( | |
| País o entidad mayor | Colombia |
| Ciudad | Villa de Leyva |
| Jurisdicción política de primer orden | Boyacá |
| 662 ## - ASIENTO SECUNDARIO DE MATERIA - JERARQUIA DEL NOMBRE DE LUGAR( | |
| País o entidad mayor | Colombia |
| Ciudad | Chíquiza |
| Jurisdicción política de primer orden | Boyacá |
| 662 ## - ASIENTO SECUNDARIO DE MATERIA - JERARQUIA DEL NOMBRE DE LUGAR( | |
| País o entidad mayor | Colombia |
| Ciudad | Arcabuco |
| Jurisdicción política de primer orden | Boyacá |
| 662 ## - ASIENTO SECUNDARIO DE MATERIA - JERARQUIA DEL NOMBRE DE LUGAR( | |
| País o entidad mayor | Colombia |
| Ciudad | Gachantivá |
| Jurisdicción política de primer orden | Boyacá |
| 662 ## - ASIENTO SECUNDARIO DE MATERIA - JERARQUIA DEL NOMBRE DE LUGAR( | |
| País o entidad mayor | Colombia |
| Ciudad | Sutamerchan |
| Jurisdicción política de primer orden | Boyacá |
| 942 ## - ELEMENTOS ADICIONALES (KOHA) | |
| Sistema de clasificación | Local |
| Tipo de ítem | Informe Técnico |
| 945 ## - PROCESAMIENTO LOCAL | |
| AAAA-MM-DD - Fecha de ingreso o modificacion | 2007-07-31 |
| Withdrawn status | Lost status | Sistema de Clasificación | Damaged status | No para préstamo | Colección | Ubicación Permanente | Ubicación actual | Fecha de adquisición | Total Checkouts | Número topográfico | Inventario / Código de Barras | Date last seen | Ejemplar | Price effective from | Forma de adquisición | Tipo de material |
|---|---|---|---|---|---|---|---|---|---|---|---|---|---|---|---|---|
| Local | Humboldt | Bogotá | Bogotá | 06/12/2013 | IAVH-00602 | 059623 | 09/08/2024 | Ej. 1 | 06/12/2013 | Informe Técnico |